Gründungsmitglied der Fußball Bundesliga? #2 - Statistiken

Allgemein
  • Dieses Quiz wurde 88 mal gespielt
  • Das Durchschnittsergebnis liegt bei 6 aus 8
Antwortstatistiken
Hint Antwort % Korrekt
Hamburger SV Ja
94%
SV Werder Bremen Ja
88%
1. FC Magdeburg Nein
84%
Eintracht Braunschweig Ja
81%
SV Waldhof Mannheim Nein
73%
Kickers Offenbach Nein
72%
Rot-Weiß Oberhausen Nein
69%
Alemannia Aachen Nein
63%
Keine übereinstimmenden Quizze gefunden
Verteilung der Resultate
Anzahl Personen mit jedem Resultat
Perzentil nach korrekt beantworteten Fragen
Ihre Resultats-Entwicklung
Sie haben dieses Quiz noch nicht gespielt